| 000 | 01236nam a22003617a 4500 | ||
|---|---|---|---|
| 001 | 0074 | ||
| 003 | DO-SdBNP | ||
| 005 | 20171116120219.0 | ||
| 007 | 0074 | ||
| 008 | 151103b 1985 sp | |||| 00| 0 spa d | ||
| 020 | _a8475252893 | ||
| 040 |
_aBPMSU _bspa _cBPMSU |
||
| 041 | 1 | 7 |
_aspa _h |
| 082 | 4 |
_a843.8 _bD238t |
|
| 092 |
_a _b |
||
| 100 | 1 | 0 |
_aDaudet, Alphonse, _d1840-1897 |
| 240 |
_aTartarín sur les alpes _lEspañol |
||
| 245 | 1 | 0 |
_aTartarin en los alpes / _cAlphonse Daudet ; traducción Francisco Ortiz Chaparro ; ilustración Gerardo Domínguez Amorín |
| 260 |
_aMadrid ; _bEdiciones Generales Anaya, _c1985. |
||
| 300 |
_a207 p. : _bil.; _c20 cm. |
||
| 490 | 1 |
_aTus libros ; _aSátiricos, _v61 |
|
| 504 | _aIncluye referencias bibliográficas y notas al pie de las páginas | ||
| 504 | _aBibliografías : p. 205-207 | ||
| 650 | _aNOVELA JUVENIL FRANCESA | ||
| 650 | _aLITERATURA JUVENIL FRANCESA | ||
| 700 | 1 | 0 |
_aOrtíz Chaparro, Francisco, _etraductor |
| 700 | 1 | 0 |
_aDomínguez Amorín, Gerardo, _eilustración |
| 830 | 0 | 0 |
_aTus libros ; _aSátiricos, _v61 |
| 942 |
_2ddc _cBK |
||
| 945 | _aInventariado extranjero / 2017 VM | ||
| 956 | _aBrenda Tavárez | ||
| 956 |
_aVMATEO _b10 _c20161028 _dBPMSU _f0069 |
||
| 999 |
_c8529 _d8529 |
||